Dedos verdes

Збережено в:
Бібліографічні деталі
Автор: Stewart, Malu (Автор)
Формат: Книга
Мова:Іспанська
Англійська
Опубліковано: Santiago Sala Gasco Arte Contemporáneo 2012
Редагування:1a. ed
Предмети:
Теги: Додати тег
Немає тегів, Будьте першим, хто поставить тег для цього запису!

MARC

LEADER 00000cam a2200000 a 4500
001 UCC4621
003 CL-VaPUC
008 180817e20120000cl |||||||||||||||||spa|d
041 0 7 |a spa  |2 CL-VaPUC 
041 0 7 |a eng  |2 CL-VaPUC 
082 0 4 |a 759.83  |b STE  |2 21 
100 0 |a Stewart, Malu  |e author  |9 598833 
245 1 0 |a Dedos verdes 
250 |a 1a. ed 
300 |a 35 p 
942 |c BK 
945 |d 20180817 12:57:00  |a dcastane 
260 |a Santiago  |b Sala Gasco Arte Contemporáneo  |c 2012 
650 0 |a Arte contemporáneo chileno  |9 464579 
650 0 |a Pintura chilena contemporanea  |9 464598 
650 0 |a Pintores chilenos  |9 345328 
583 |a last modification  |c 20180817 12:57:00  |k Rodrigo Vera 
999 |c 372073  |d 372071 
952 |0 0  |1 0  |3 erb  |4 0  |6 759_830000000000000_STE_2012  |7 0  |8 R  |9 489334  |a BIBART  |b BIBART  |i 5487978  |o 759.83 STE 2012  |p 5487978  |r 2025-03-13  |w 2019-11-24  |y BK_R  |z Catalogado en:20180817  |k ART 
952 |0 0  |1 0  |3 erb  |4 0  |6 759_830000000000000_STE_2012  |7 0  |8 R  |9 489335  |a BIBART  |b BIBART  |i 548796K  |o 759.83 STE 2012  |p 548796K  |r 2025-03-13  |w 2019-11-24  |y BK_R  |z Catalogado en:20180817  |k ART